[Event "XXXI Ogolnopolski Turniej Szachowy Junio"]
[Site "MDK nr 1 Bydgoszcz"]
[Date "2014.02.06"]
[Round "8.4"]
[White "Kowalski, Roman"]
[Black "Matewski, Marcin"]
[Result "0-1"]
[WhiteElo "1557"]
[BlackElo "1635"]
[PlyCount "124"]
[EventDate "2014.??.??"]

1. Nf3 Nc6 2. g3 e5 3. e4 Bc5 4. Bg2 d6 5. O-O Bg4 6. Qe1 Qf6 7. Nh4 Nd4 8. Na3
Bxa3 9. f3 Bc5 10. Kh1 Be6 11. Qd1 Qd8 12. c3 Nc6 13. a4 a5 14. f4 exf4 15. d4
Bc4 16. Rxf4 g5 17. Rf3 gxh4 18. b3 Be6 19. d5 Bg4 20. dxc6 Bxf3 21. Qxf3 bxc6
22. e5 d5 23. Qh5 Qe7 24. Bg5 Qxe5 25. Rf1 Qe6 26. Bh3 Qg6 27. Re1+ Kf8 28.
Qxh4 Re8 29. Rf1 Qe4+ 30. Qxe4 dxe4 31. Bd7 h6 32. Bf4 e3 33. Bxe8 Kxe8 34. Re1
Kd7 35. Kg2 Ne7 36. Bxe3 Bxe3 37. Rxe3 Rb8 38. c4 c5 39. Rf3 Ke6 40. Re3+ Kf6
41. Rf3+ Kg6 42. g4 Nc6 43. Rf5 Nd4 44. Rxc5 Rxb3 45. Rxa5 Rb4 46. Rc5 c6 47.
a5 Ra4 48. h4 f6 49. Kg3 Ra3+ 50. Kg2 Kf7 51. Rh5 Ne6 52. Rxh6 Rxa5 53. Rh7+
Kg8 54. Re7 Ng7 55. Rc7 Rc5 56. h5 Rxc4 57. Kh3 Ne6 58. Re7 Ng5+ 59. Kh4 Rc3
60. Rg7+ Kxg7 61. h6+ Kf7 62. h7 Rh3# 0-1

[Event "XXXI Ogolnopolski Turniej Szachowy Junio"]
[Site "MDK nr 1 Bydgoszcz"]
[Date "2014.02.06"]
[Round "8.5"]
[White "Losinska, Aleksandra"]
[Black "Repke, Mateusz"]
[Result "1-0"]
[WhiteElo "1351"]
[BlackElo "1405"]
[PlyCount "35"]
[EventDate "2014.??.??"]

1. e4 e6 2. Qe2 b6 3. Nf3 Nc6 4. d3 h6 5. g3 Bb7 6. Bg2 Bc5 7. O-O Nf6 8. Re1
O-O 9. Nbd2 Re8 10. Nf1 d5 11. e5 Ng4 12. d4 Bxd4 13. Nxd4 Nxd4 14. Qxg4 Nxc2
15. Bxh6 g6 16. Bg5 f6 17. Bxf6 Qd7 18. Qxg6+ 1-0

[Event "XXXI Ogolnopolski Turniej Szachowy Junio"]
[Site "MDK nr 1 Bydgoszcz"]
[Date "2014.02.06"]
[Round "8.6"]
[White "Kulpinski, Jakub"]
[Black "Walczak, Mikolaj"]
[Result "0-1"]
[WhiteElo "1347"]
[BlackElo "1453"]
[PlyCount "136"]
[EventDate "2014.??.??"]

1. e4 c5 2. Nf3 e6 3. d4 cxd4 4. Nxd4 a6 5. Nc3 b5 6. Bd3 Bb7 7. Be3 Qc7 8. Qd2
Nf6 9. f3 Nc6 10. Nce2 Ne5 11. Bf4 Nxd3+ 12. cxd3 e5 13. Rc1 Qb8 14. Bg3 Nh5
15. Nb3 Nxg3 16. Nxg3 d6 17. Na5 Be7 18. Nxb7 Qxb7 19. O-O O-O 20. Rc2 Rfc8 21.
Rfc1 h6 22. d4 Bg5 23. Rxc8+ Rxc8 24. Rxc8+ Qxc8 25. Qc3 Qxc3 26. bxc3 exd4 27.
cxd4 Be3+ 28. Kf1 Bxd4 29. Ne2 Bc5 30. Ke1 g6 31. Kd2 Kg7 32. Kd3 Kf6 33. Nc3
Ke5 34. Nd5 a5 35. f4+ Ke6 36. Nc7+ Ke7 37. Nxb5 f5 38. Nc3 Ke6 39. h3 h5 40.
Ne2 fxe4+ 41. Kxe4 d5+ 42. Kf3 Kf5 43. Ng3+ Kf6 44. f5 h4 45. Ne2 Kxf5 46. a4
d4 47. Nc1 Bb4 48. Nd3 Bc3 49. Nf2 g5 50. Nd3 Bd2 51. Ke2 Be3 52. Kf3 Ke6 53.
Nc5+ Kd5 54. Nb3 Kc4 55. Nxa5+ Kc3 56. Ke2 d3+ 57. Kd1 Bf4 58. Nc6 Kc4 59. a5
Kb5 60. Nd4+ Kxa5 61. Nf3 Kb4 62. Ne1 Kc3 63. Nf3 Kc4 64. Ne1 Kd4 65. Nf3+ Ke3
66. Ne1 d2 67. Nf3 Kf2 68. Nd4 Kxg2 0-1

[Event "XXXI Ogolnopolski Turniej Szachowy Junio"]
[Site "MDK nr 1 Bydgoszcz"]
[Date "2014.02.06"]
[Round "8.7"]
[White "Losinski, Piotr"]
[Black "Chalas, Klaudiusz"]
[Result "1-0"]
[WhiteElo "1248"]
[BlackElo "1286"]
[PlyCount "67"]
[EventDate "2014.??.??"]

1. e4 e5 2. Nf3 Nc6 3. Bb5 Nf6 4. d3 h6 5. Bxc6 dxc6 6. Nxe5 Bd6 7. Nf3 Bg4 8.
h3 Bh5 9. O-O O-O 10. Nbd2 Nh7 11. Re1 Ng5 12. d4 Bf4 13. c3 Bxd2 14. Bxd2 Bxf3
15. Bxg5 Qxg5 16. Qxf3 f5 17. e5 Rae8 18. Qe3 f4 19. Qf3 Re6 20. Qg4 Qf5 21.
Qxf5 Rxf5 22. a4 c5 23. Rac1 Rg5 24. f3 Rg3 25. Kf1 Reg6 26. Rc2 Rc6 27. d5
Rcg6 28. c4 Kf7 29. Ree2 R3g5 30. e6+ Ke7 31. b3 c6 32. Rcd2 cxd5 33. cxd5 Ke8
34. d6 1-0

[Event "XXXI Ogolnopolski Turniej Szachowy Junio"]
[Site "MDK nr 1 Bydgoszcz"]
[Date "2014.02.07"]
[Round "9.1"]
[White "Matewski, Marcin"]
[Black "Kroczka, Gromoslaw"]
[Result "1-0"]
[WhiteElo "1635"]
[BlackElo "1775"]
[PlyCount "113"]
[EventDate "2014.??.??"]

1. d4 d5 2. c4 e6 3. Nc3 f5 4. e3 Nf6 5. Nf3 c6 6. Bd2 Bd6 7. Qb3 O-O 8. Be2
Kh8 9. h4 Nbd7 10. Ng5 Qe7 11. f4 b6 12. g3 a5 13. a3 Rb8 14. Qa4 Bb7 15. Rg1
Ng4 16. Rc1 Ndf6 17. Nh3 Rfc8 18. Nf2 Nxf2 19. Kxf2 Ba6 20. c5 Ng4+ 21. Ke1 Bc7
22. Bxa6 b5 23. Nxb5 cxb5 24. Bxb5 Bd8 25. Rc3 Rc7 26. Rb3 Rcb7 27. Ke2 Qc7 28.
Rc1 Nf6 29. c6 Ra7 30. Bd3 Rba8 31. Rb5 Qf7 32. Kf2 Ng4+ 33. Kg2 Qh5 34. Qd1
Qe8 35. Rb7 Bc7 36. Be2 Nf6 37. b4 Ne4 38. Rxa7 Rxa7 39. bxa5 Qg6 40. Qe1 h5
41. a6 Bd8 42. Kh2 Qe8 43. Ba5 Bxa5 44. Qxa5 Qg6 45. Rg1 Qf7 46. Qb6 Re7 47. a4
Kh7 48. Rg2 Kh8 49. Bf3 Nd6 50. Qb8+ Ne8 51. Rc2 Kh7 52. a5 Rc7 53. Rb2 Nd6 54.
a7 Rxa7 55. Qxd6 Rxa5 56. c7 Ra8 57. Qd8 1-0

[Event "XXXI Ogolnopolski Turniej Szachowy Junio"]
[Site "MDK nr 1 Bydgoszcz"]
[Date "2014.02.07"]
[Round "9.2"]
[White "Walczak, Mikolaj"]
[Black "Kozakiewicz, Gracjan"]
[Result "1-0"]
[WhiteElo "1453"]
[BlackElo "1577"]
[PlyCount "63"]
[EventDate "2014.??.??"]

1. e4 c5 2. Nf3 d6 3. d4 cxd4 4. Nxd4 Nf6 5. Nc3 Nc6 6. Be3 e5 7. Ndb5 a6 8.
Na3 Be6 9. f3 d5 10. exd5 Nxd5 11. Nxd5 Bxd5 12. Bc4 Bb4+ 13. c3 Bxa3 14. Bxd5
Bxb2 15. Bxf7+ Kxf7 16. Qb3+ Kg6 17. Qxb2 Qd3 18. Kf2 b5 19. Rad1 Qc4 20. Qc2+
e4 21. Rd6+ Kf7 22. Rd7+ Ne7 23. Rhd1 Rac8 24. Qd2 exf3 25. gxf3 Rhe8 26. Rg1
Kf8 27. Bd4 Nf5 28. Bxg7+ Nxg7 29. Qd6+ Kg8 30. Rgxg7+ Kh8 31. Rxh7+ Kg8 32.
Rdg7# 1-0

[Event "XXXI Ogolnopolski Turniej Szachowy Junio"]
[Site "MDK nr 1 Bydgoszcz"]
[Date "2014.02.07"]
[Round "9.3"]
[White "Dobosz, Kacper"]
[Black "Chalas, Dawid"]
[Result "1-0"]
[WhiteElo "1608"]
[BlackElo "1480"]
[PlyCount "103"]
[EventDate "2014.??.??"]

1. e4 e5 2. Nf3 Nc6 3. d4 exd4 4. Nxd4 Bc5 5. Be3 Bb6 6. c3 d6 7. Nd2 Nf6 8.
Be2 Bd7 9. O-O h6 10. f4 Qe7 11. Bf3 O-O-O 12. Nc2 Bxe3+ 13. Nxe3 Rdg8 14. Re1
g5 15. f5 Ne5 16. Nec4 g4 17. Be2 h5 18. Qb3 Bc6 19. Na5 Qd7 20. Nxc6 Qxc6 21.
Bf1 h4 22. Qb5 Qxb5 23. Bxb5 h3 24. g3 Nfd7 25. b4 f6 26. a4 a6 27. Be2 Nf7 28.
b5 axb5 29. axb5 Nb6 30. Nc4 Ne5 31. Nxe5 dxe5 32. c4 c5 33. bxc6 bxc6 34. c5
Nd7 35. Bc4 Rd8 36. Be6 Kc7 37. Ra7+ Kb8 38. Rxd7 Rxd7 39. Bxd7 Kc7 40. Be6 Rd8
41. Ra1 Rd4 42. Ra7+ Kb8 43. Rf7 Rxe4 44. Rxf6 Re1+ 45. Kf2 Rh1 46. Rf8+ Kb7
47. f6 Rxh2+ 48. Ke3 Rg2 49. Bxg4 Rxg3+ 50. Bf3 h2 51. Rh8 e4 52. Kxe4 1-0

[Event "XXXI Ogolnopolski Turniej Szachowy Junio"]
[Site "MDK nr 1 Bydgoszcz"]
[Date "2014.02.07"]
[Round "9.4"]
[White "Borkowska, Zuzanna"]
[Black "Losinska, Aleksandra"]
[Result "1/2-1/2"]
[WhiteElo "1306"]
[BlackElo "1351"]
[PlyCount "70"]
[EventDate "2014.??.??"]

1. e4 e5 2. Nf3 Nf6 3. Nxe5 d6 4. Nf3 Nxe4 5. Qe2 Qe7 6. d3 Nf6 7. Qxe7+ Bxe7
8. Be2 O-O 9. O-O Nc6 10. Nc3 a6 11. a3 Re8 12. Be3 Ng4 13. Bf4 Be6 14. h3 Nf6
15. Rfe1 h6 16. Rad1 Rad8 17. d4 Nd5 18. Nxd5 Bxd5 19. c4 Bxf3 20. Bxf3 Bf6 21.
d5 Ne5 22. Bxe5 Bxe5 23. b4 Bb2 24. Rxe8+ Rxe8 25. a4 Bc3 26. b5 axb5 27. cxb5
g6 28. g3 Kg7 29. Rc1 Re1+ 30. Rxe1 Bxe1 31. Kf1 Bb4 32. Ke2 Kf6 33. Kd3 Ke5
34. h4 b6 35. Bd1 Bc5 1/2-1/2

[Event "XXXI Ogolnopolski Turniej Szachowy Junio"]
[Site "MDK nr 1 Bydgoszcz"]
[Date "2014.02.07"]
[Round "9.5"]
[White "Losinski, Piotr"]
[Black "Humin, Julia"]
[Result "1-0"]
[WhiteElo "1248"]
[BlackElo "1415"]
[PlyCount "85"]
[EventDate "2014.??.??"]

1. e4 e6 2. Qe2 Nf6 3. g3 b6 4. Bg2 Bb7 5. d3 g6 6. Nf3 h6 7. O-O Bg7 8. Nbd2
O-O 9. Re1 d5 10. e5 Nfd7 11. d4 c5 12. c3 Nc6 13. Nf1 Rc8 14. h4 cxd4 15. cxd4
Nb4 16. Ne3 Qc7 17. Qd2 Nc2 18. Nxc2 Qxc2 19. Qe3 Ba6 20. Nh2 Qd3 21. Qf4 Qf5
22. Qxf5 gxf5 23. Bf4 Rc2 24. Rab1 Rfc8 25. Nf3 Bf8 26. a3 Bc4 27. Bc1 Bd3 28.
Rd1 Be2 29. Re1 b5 30. Nh2 b4 31. Nf1 Bd3 32. Ne3 Rxf2 33. Kxf2 Bxb1 34. Bd2
Be4 35. Bxe4 fxe4 36. axb4 Nb6 37. Ra1 Rc7 38. Bc3 Kh7 39. Ng4 Kg6 40. Nf6 Be7
41. h5+ Kg5 42. Bd2+ Kf5 43. g4# 1-0

[Event "XXXI Ogolnopolski Turniej Szachowy Junio"]
[Site "MDK nr 1 Bydgoszcz"]
[Date "2014.02.07"]
[Round "9.6"]
[White "Kulpinski, Jakub"]
[Black "Kowalski, Roman"]
[Result "1/2-1/2"]
[WhiteElo "1347"]
[BlackElo "1557"]
[PlyCount "68"]
[EventDate "2014.??.??"]

1. e4 {[%emt 0:00:00]} g6 2. d4 Bg7 3. Nf3 d6 4. h3 Nd7 5. Bc4 Nb6 6. Bb3 e6 7.
Be3 Ne7 8. Qd2 Bd7 9. Nc3 Nc6 10. Ne2 Qe7 11. Nh2 O-O 12. g4 a5 13. c3 a4 14.
Bc2 Nc4 15. Qc1 Nxe3 16. Qxe3 Na5 17. Bd3 b5 18. O-O c6 19. f4 Rae8 20. Rf3 f5
21. e5 d5 22. g5 Rb8 23. h4 Kf7 24. Bc2 Nc4 25. Qc1 Rh8 26. Bd3 h5 27. Bxc4
bxc4 28. Nf1 Rb7 29. Rb1 Rhb8 30. a3 Be8 31. Nd2 Qd8 32. Qc2 Qa5 33. Ng3 Rb5
34. Ngf1 Qb6 1/2-1/2

[Event "XXXI Ogolnopolski Turniej Szachowy Junio"]
[Site "MDK nr 1 Bydgoszcz"]
[Date "2014.02.07"]
[Round "9.7"]
[White "Repke, Mateusz"]
[Black "Andrzejewska, Maja"]
[Result "1-0"]
[WhiteElo "1405"]
[BlackElo "1114"]
[PlyCount "87"]
[EventDate "2014.??.??"]

1. e4 c5 2. Nf3 Nc6 3. c3 a6 4. d4 cxd4 5. cxd4 e6 6. Nc3 Bb4 7. a3 Ba5 8. Bg5
Nf6 9. e5 h6 10. Bh4 g5 11. Bg3 Ne4 12. Qc2 Nxg3 13. hxg3 d6 14. exd6 Qxd6 15.
O-O-O b5 16. Ne4 Qc7 17. d5 Ne7 18. Qxc7 Bxc7 19. d6 Bb7 20. Nf6+ Kf8 21. dxe7+
Kxe7 22. Rd7+ Kxf6 23. Rxc7 Bxf3 24. gxf3 Rac8 25. Rxc8 Rxc8+ 26. Kb1 Kg7 27.
Be2 f5 28. Rd1 Rc6 29. Rd4 Kf6 30. a4 e5 31. axb5 axb5 32. Rb4 Ke6 33. Rxb5 Rd6
34. Bc4+ Kf6 35. Kc2 Rc6 36. Kd3 e4+ 37. fxe4 fxe4+ 38. Kd4 h5 39. Rb3 Kf5 40.
Rb5+ Kg4 41. Be2+ Kh3 42. Rxg5 Rd6+ 43. Rd5 Rxd5+ 44. Kxd5 1-0